00589nam a2200169Ia 4500008004100000020001800041041000800059082001600067100004200083245005900125250000600184260005200190300000800242650002500250999001900275952012500294210716s2005 xx 000 0 und d a9788131504918 aeng a658.15 BRIE aBrigham, Eugene F;Enhardt, Michael C. aFinancial management: text and cases.bText and cases. a1 aNew DelhibCengage Learning India Pvt Ltdc2005 a802 aFinancial Management c203820d203820 001040708MBAaAIMITbAIMITd2009-09-16g525.00l0o658.15 BRIEpMBA06386r2026-05-23 00:00:00v393.75w2021-07-16yBK